National Bombing Prevention Act of 2007 : report of the Committee on Homeland Security and Governmental Affairs, United States Senate to accompany S. 2292, to amend the Homeland Security Act of 2002, to establish the Office for Bombing Prevention, to address terrorist explosive threats, and for other purposes.

Bibliographic Details
Corporate Author: United States. Congress. Senate. Committee on Homeland Security and Governmental Affairs
Format: Government Document eBook
Language:English
Published: Washington : U.S. G.P.O., 2008.
Series:Report / 110th Congress, 2d session, Senate ; 110-481
Subjects:
Online Access:Text version
PDF version

MARC

Tag First Indicator Second Indicator Subfields
LEADER 00000cam a2200000 a 4500
001 in00002439721
005 20220106092413.0
006 m d f
007 cr bn|||||||||
008 081008s2008 dcu sb f000 0 eng c
035 |a (OCoLC)ocn261212411 
040 |a GPO  |c GPO  |d GPO  |d MvI  |d UtOrBLW 
042 |a pcc 
043 |a n-us--- 
049 |a WWW 
050 1 4 |a KF31  |b .H65 2008r 
074 |a 1008-C (online) 
086 0 |a Y 1.1/5:110-481 
110 1 |a United States.  |b Congress.  |b Senate.  |b Committee on Homeland Security and Governmental Affairs. 
245 1 0 |a National Bombing Prevention Act of 2007 :  |b report of the Committee on Homeland Security and Governmental Affairs, United States Senate to accompany S. 2292, to amend the Homeland Security Act of 2002, to establish the Office for Bombing Prevention, to address terrorist explosive threats, and for other purposes. 
264 1 |a Washington :  |b U.S. G.P.O.,  |c 2008. 
300 |a 1 electronic text (ii, 11 pages) :  |b HTML, digital, PDF file. 
336 |a text  |b txt  |2 rdacontent 
337 |a computer  |b c  |2 rdamedia 
338 |a online resource  |b cr  |2 rdacarrier 
490 1 |a Report / 110th Congress, 2d session, Senate ;  |v 110-481 
538 |a Mode of access: Internet from the GPO Access web site. Addresses as of 10/8/08: http://frwebgate.access.gpo.gov/cgi-bin/getdoc.cgi?dbname=110%5Fcong%5Freports&docid=f:sr481.110 (text version), http://frwebgate.access.gpo.gov/cgi-bin/getdoc.cgi?dbname=110%5Fcong%5Freports&docid=f:sr481.pdf (PDF version) ; current access available via PURLs. 
500 |a Title from title screen (viewed on Oct. 8, 2008). 
500 |a "September 23 (legislative day, September 17), 2008." 
504 |a Includes bibliographical references. 
500 |a Electronic resource. 
610 1 0 |a United States.  |b Department of Homeland Security  |x Appropriations and expenditures. 
610 1 0 |a United States.  |b Department of Homeland Security  |x Reorganization. 
650 0 |a Bombings  |z United States  |x Prevention. 
650 0 |a National security  |x Law and legislation  |z United States. 
776 0 |a United States. Congress. Senate. Committee on Homeland Security and Governmental Affairs.  |t National Bombing Prevention Act of 2007  |h ii, 11 p.  |w (OCoLC)261337432 
776 0 |a United States. Congress. Senate. Committee on Homeland Security and Governmental Affairs.  |t National Bombing Prevention Act of 2007  |h ii, 11 p.  |w (OCoLC)430196672 
810 1 |a United States.  |b Congress.  |b Senate.  |t Report ;  |v 110-481. 
856 4 0 |3 Text version  |u https://purl.fdlp.gov/GPO/LPS103745  |t 0 
856 4 0 |3 PDF version  |u https://purl.fdlp.gov/GPO/LPS103746  |t 0 
999 |a MARS 
999 f f |s 5b2ae46f-5823-3dad-bf96-2cecd5a7c0fd  |i 035f0385-99f9-34d9-abd9-257c8d51916f  |t 0 
952 f f |a Texas A&M University  |b College Station  |c Electronic Resources  |d Available Online  |t 0  |e Y 1.1/5:110-481  |h Superintendent of Documents classification 
998 f f |a Y 1.1/5:110-481  |t 0  |l Available Online